المقدمة في تحليل وتصميم النظم / (رقم التسجيلة. 13532)
[ عرض عادي ]
| 000 -الفاتح | |
|---|---|
| حقل البيانات ثابتة الطول | 00713nam a22002057a 4500 |
| 003 - محدد رقم الضبط | |
| رقم الضبط | OSt |
| 005 - وقت وتاريخ اخر تعامل مع التسجيلة | |
| رقم الضبط | 20150408113911.0 |
| 008 - عناصر البيانات ثابتة الطول - معلومات عامة | |
| حقل البيانات ثابتة الطول | 110824t xxu||||| |||| 00| 0 eng d |
| 020 ## - الرقم الدولى المعيارى للكتب | |
| الرقم الدولى المعيارى للكتاب | 9789957123116 |
| 040 ## - مصدر الفهرسة | |
| وكالة النسخ | DLC |
| 082 ## - رقم تصنيف ديوى العشرى | |
| رقم التصنيف | 004.21 |
| رقم المادة | ز ف ن |
| رقم الطبعة | 21 |
| 100 ## - المدخل الرئيسى - إسم شخصى | |
| الإسم الشخصى | زيارة، فريد فهمي. |
| 9 (RLIN) | 3115 |
| 245 ## - بيان العنوان | |
| العنوان | المقدمة في تحليل وتصميم النظم / |
| بيان المسئوليه,etc | فريد فهمي زيارة. |
| 250 ## - بيان الطبعة | |
| بيان الطبعة | ط. 1. |
| 260 ## - PUBLICATION, DISTRIBUTION, ETC. (IMPRINT) | |
| مكان الناشر او الموزع | عمان، الأردن : |
| اسم الناشر او الموزع | دار اليازوري العلمية، |
| تاريخ النشر أو التوزيع | 2010 |
| 300 ## - الوصف المادى | |
| التعداد | 258 ص. : |
| تفاصيل ماديه اخرى للوعاء | إيض. ؛ |
| أبعاد الوعاء | 24سم. |
| 504 ## - تبصرة ببليوجرافية | |
| تبصرة ببليوجرافية,الخ | قائمة ببليوجرافية. |
| 650 ## - المدخل الاضافى بالموضوع-مصطلح موضوعى | |
| مصطلح موضوعي أو اسم جغرافي كعنصر مدخل | تحليل النظم (حاسبات إلكترونية) |
| 9 (RLIN) | 3116 |
| 942 ## - عناصر المدخل الإضافي( كوها) | |
| مصدر التصنيف او مخطط الترفيف | Dewey Decimal Classification |
| Koha [default] item type | DVD |
| حالة الفقد | نموذج السعر الفعال | حالة تلف | ليس للاعارة | رقم الطلب | تاريخ الاكتساب | الموقع الحالي | الباركود | الفرع الرئيسي | Date last seen | نوع المادة فى نظام كوها | مصدر التصنيف او خطة الترفيف | Total Checkouts |
|---|---|---|---|---|---|---|---|---|---|---|---|---|
| 2017-03-20 | 004.21 ز ف ن | 2017-03-20 | المكتبة المركزية بالمجمعة (CL) | 00706684 | المكتبة المركزية بالمجمعة (CL) | 2017-03-20 | DVD | Dewey Decimal Classification | ||||
| 2017-03-20 | 004.21 ز ف ن | 2017-03-20 | المكتبة المركزية بالمجمعة (CL) | 00706685 | المكتبة المركزية بالمجمعة (CL) | 2017-03-20 | DVD | Dewey Decimal Classification | ||||
| 2017-03-20 | 004.21 ز ف ن | 2017-03-20 | المكتبة المركزية بالمجمعة (CL) | 00706686 | المكتبة المركزية بالمجمعة (CL) | 2017-03-20 | DVD | Dewey Decimal Classification | ||||
| 2013-03-10 | 004.21 ز ف ن | 2011-08-24 | كلية الشريعة والقانون - طلاب | 00102467 | كلية الشريعة والقانون - طلاب | 2013-03-10 | كتاب | Dewey Decimal Classification |
